000 01125ngm a22002890a 4500
001 PT40550
003 AR-LpoUNG
005 20210201235905.0
007 vd cvaizq
008 191001s2003||||ag |||||||||||||||||eng d
040 _aAR-LpoUNG
_bspa
_cAR-LpoUNG
_eaacr
041 _aeng
044 _aag
082 0 _a808.068.8 347bic
100 1 _aLasseter, John
_edir.
245 1 0 _aBichos :
_buna aventura en miniatura = A Bug's Life
260 _aBuenos Aires :
_bWalt Disney,
_c2003.
300 _aDVD (106 min.) : son., col.
505 0 _aHecha en 1998. - Doblada en: español y portugués. - Subtitulos: español y portugués.
520 _aUn grupo de saltamontes asalta cada verano la colonia de hormigas donde vive Flick, con el fin de que éstas les entreguen la comida que han recogido durante el invierno. Un día, Flick abandona el hormiguero en busca de insectos guerreros que les ayuden a defenderse de los temibles saltamontes, pero lo que recluta es una troupe circense.
653 _aANIMACION
653 _aDVD
653 _aVIDEOS
710 2 _aWalt Disney
905 _a40550
942 _cDVD
999 _c53717
_d53717